Financial ststement (budget) of govt. of gujrat for the yr. 1965-66 (Record no. 508336)

MARC details
000 -LEADER
fixed length control field 00692nam a2200229Ia 4500
003 - CONTROL NUMBER IDENTIFIER
control field OSt
005 - DATE AND TIME OF LATEST TRANSACTION
control field 20220925184625.0
008 - FIXED-LENGTH DATA ELEMENTS--GENERAL INFORMATION
fixed length control field 220923b |||||||| |||| 00| 0 eng d
037 ## - SOURCE OF ACQUISITION
Terms of availability General Book
040 ## - CATALOGING SOURCE
Original cataloging agency RTL
Transcribing agency RTL
Language of cataloging eng
041 ## - LANGUAGE CODE
Source of code eng
Language code of text/sound track or separate title eng
110 ## - MAIN ENTRY--CORPORATE NAME
Corporate name or jurisdiction name as entry element GUJRAT (Govt. of--)
245 #0 - TITLE STATEMENT
Title Financial ststement (budget) of govt. of gujrat for the yr. 1965-66
260 ## - PUBLICATION, DISTRIBUTION, ETC.
Place of publication, distribution, etc. Ahmedabad
Name of publisher, distributor, etc. The govt. central press
Date of publication, distribution, etc. 1965
300 ## - PHYSICAL DESCRIPTION
Extent 37p
Dimensions cm.
700 ## - ADDED ENTRY--PERSONAL NAME
Personal name GUJRAT (Govt. of--)
942 ## - ADDED ENTRY ELEMENTS (KOHA)
Classification part X71:75. 236.N66<---N65 t5, K5
Koha item type General Books
Source of classification or shelving scheme Colon Classification (CC)

No items available.

Copyright @ Delhi University Library System